000 00738nam a22001817a 4500
003 BD-DhUL
005 20180226102311.0
008 180212s1955 ii |||| |||| 000 0 ben d
040 _aBD-DhUL
_cBD-DhUL
082 _a891.441
_bKUS
100 1 _aমল্লিক, কুমুদরঞ্জন।
245 1 0 _aকুমুদরঞ্জন মল্লিকের শ্রেষ্ঠ কবিতা /
_cকুমুদরঞ্জন মল্লিক।
260 _aকলিকাতা :
_bমিত্র ও ঘোষ,
_c১৯৫৫।
300 _a[১৫], ২৭০ পৃ. :
_bচিত্র ;
_c২২ সেমি.
650 4 _aবাংলা কবিতা
650 4 _aBengali poetry
942 _2ddc
_cBK
999 _c238479
_d238479